Historia de la república del Perú (1822-1933) : (Registro nro. 261)

Detalles MARC
000 -Cabecera
Campo de control interno 01349nam a2200217Ia 4500
005 - Fecha y hora del registro
control field 20251205091840.0
008 - Elementos de Longitud Fija
fixed length control field 251203t2005||||xx |||||||||||||| ||spa||
041 ## - Idioma
Codigo Idioma ESP
082 ## - DEWEY y NOTACIÓN INTERNA
Dewey RO 985
Notación Interna B26
100 ## - AUTOR
Autor denominación Basadre Grohmann, Jorge,
Títulos y otras palabras asociadas con el nombre AUT
245 #0 - TÍTULO DE MATERIAL BIBLIOGRÁFICO
Título Historia de la república del Perú (1822-1933) :
Título paralelo Tomos 1-18
250 ## - EDICIÓN
Edición Primera edición
260 ## - CIUDAD, EDITORIAL, AÑO
Ciudad Lima :
Nombre de la Editorial Orbis Ventures,
Año 2005
300 ## - DESCRIPCIÓN
N° Páginas 301 páginas :
Otros detalles ilustraciones ;
Dimensiones 29 cm.
505 ## - TABLA DE CONTENIDO
Tabla de Contenido Contiene: Tomo1-3. La época fundacional de la República, 1822-1842; Tomo 4-6. La falaz prosperidad del guano, 1842-1866; Tomo 7-8. La crisis económica y hacendaria anterior a la guerra con Chile, 1864-1878; Tomo 9. La guerra con Chile, 1879-1883; Tomo 10-11. El comienzo de la reconstrucción, 1884-1895; Tomo 12-13. La República aristocrática, 1895-1919; Tomo 14. El Oncenio, 1919-1930; Tomo 15-16. El comienzo de la irrupción de las masas organizadas en la política, 1930-1933; Tomo 17. Breves notas relacionadas con la educación, la ciencia y la cultura entre 1895-1933; Los resultados de la experiencia histórica peruana y las perspectivas abiertas en el siglo XX; Tomo 18. Historia de la República del Perú, 1993-2000.
650 ## - TEMAS
Temas Geografía
653 ## - DESCRIPTORES
Lenguajes no controlado Perú - Historia - República, 1825-; Colección
654 ## - PROGRAMAS
Programa Todos los programas
942 ## - ELEMENTOS DE KOHA
Tipo de documento Libro
Nombre del creador Justo Noguera
Código de catalogador Margarita Torres
Esquema de clasificación Dewey Decimal Classification
Existencias
Codigo completo Registro Colección Copia número Disponibilidad Tipo de préstamo Biblioteca Actual Procedencia (Biblioteca) Ubicacón Fecha Ingreso Tipo de Adquisición Date last seen Total checkouts Price effective from Tipo de Item Estado del Material Fuente de Clasificación Damaged status Withdrawn status
RO 985 B26 1085140 Colección Vera Bejar 1 Disponible Disponible Víctor Andrés Belaunde Víctor Andrés Belaunde Planta baja cerrada 03/12/2025 Donación 03/12/2025   03/12/2025 Libro Bueno Dewey Decimal Classification